| 000 | 00841nam a2200229Ia 4500 | ||
|---|---|---|---|
| 003 | GCL | ||
| 008 | 140319s9999 xx 000 0 ara d | ||
| 040 |
_aGCL / _cGCL |
||
| 082 | 0 | 4 |
_a370.113 _bا ا |
| 100 | 1 | _aاحمد عيسى الطويسى | |
| 245 | 1 | 0 |
_aاساسيات فى التربية المهنية / _cاحمد عيسى الطويسى |
| 250 | _aالثانية | ||
| 260 |
_aالاردن : _bدار الشروق للنشر والتوزيع ، _c2005 |
||
| 300 |
_a192 ص ؛ _c24 سم |
||
| 650 | 0 | 4 | _aالتعليم المهنى |
| 650 | 0 | 4 | _aالتدريب المهنى |
| 650 | 0 | 4 | _aتكنولوجيا التعليم |
| 650 | 0 | 4 | _aالتعليم المهنى - الاردن |
| 650 | 0 | 4 | _aالتعليم المهنى - تطوير |
| 650 | 0 | 4 | _aالتعليم المهنى - تعليم وتدريس |
| 942 |
_2ddc _cBK |
||
| 999 |
_c10174 _d10174 |
||